| 000 | 01044cam a22003374a 4500 | ||
|---|---|---|---|
| 001 | 15278735 | ||
| 003 | EG-ScBUE | ||
| 005 | 20220227093922.0 | ||
| 008 | 080428s2008 enka f d 000 0 eng d | ||
| 020 | _a1844672336 | ||
| 020 | _a9781844672332 | ||
| 040 |
_aDLC _beng _erda _cDLC _dEG-ScBUE |
||
| 041 | 1 |
_aeng _hara |
|
| 043 | _aa-iq--- | ||
| 082 | 0 | 4 |
_222 _a892.736 _bKHU |
| 100 | 1 |
_aKhudayr, Muhammad, _d1942- _eauthor. _925548 |
|
| 240 | 1 | 0 |
_aBasrayatha. _lEnglish |
| 245 | 1 | 0 |
_aBasrayatha : _bthe story of a city / _cMuhammad Khudayyir. |
| 264 | 1 |
_aLondon ; _aNew York : _bVerso, _c2008. |
|
| 300 |
_a184 pages : _billustrations ; _c21 cm |
||
| 336 |
_2rdacontent _atext _btxt |
||
| 337 |
_2rdamedia _aunmediated _bn |
||
| 338 |
_2rdacarrier _avolume _bnc |
||
| 500 | _aIncludes glossary. | ||
| 650 | _2BUEsh | ||
| 651 | 7 |
_aBasrah (Iraq) _vFiction. _925549 _2BUEsh |
|
| 653 |
_cJune2011 _bHHUUEENN |
||
| 655 |
_vReading book _934232 |
||
| 942 |
_2ddc _cBB |
||
| 999 |
_c15637 _d15637 |
||